000 01140nam a22003857a 4500
001 BR2020000442
003 BR-BrBNA
005 20230928105530.0
007 ta
008 230509b bl.||||| |||| 00| 0 por d
020 _a978-85-8354-009-0
040 _aBR-BrBNA
_bpor
_cBiblioteca Nacional de Agricultura
041 _a(Por)
072 _aE10; B50; E14
090 _ E10 BR2020000442
100 1 _aBianchini, V.
110 1 _aMinistério do Desenvolvimento Agrário, Brasília, DF (Brasil). Secretaria de Agricultura Familiar
_97484
245 1 _aVinte anos do PRONAF, 1995-2015: avanços e desafios
260 3 _aBrasília, DF (Brasil):
_c2015.
300 _a113 p.
500 _a21 ref.; 6 tables
650 _aAGRICULTURA FAMILIAR
650 _aPOLÍTICA NACIONAL
650 _aPROJETO DE DESENVOLVIMENTO
650 _aHISTÓRIA
650 _aCRÉDITO RURAL
650 _aSEGURO RURAL
650 _aASSISTÊNCIA TÉCNICA
650 _aEXTENSÃO RURAL
650 _aPESQUISA AGRÍCOLA
650 _aPESQUISA PECUÁRIA
650 _aLEGISLAÇÃO
909 _a202309
_bLucia
_c55
_dLucia Elande
942 _cBK
999 _c85538
_d85538